000
00364nam a2200133Ia 4500
003
GCL
008
140319s9999 xx 000 0 ara d
040
_a
GCL /
_c
GCL
082
0
4
_a
150.1952
_b
س ف
245
1
0
_a
فرويد استاذى وصديقى
260
_a
[S.N] :
_b
الهيئة المصرية العامة للكتاب ،
_c
1985
300
_a
151
490
_a
999
_c
28765
_d
28765